Gaming Quiz

Random Gaming or Board Games Quiz

Monopoly Pieces Quiz Stats

 Plays Quiz Updated Jul 14, 2017

     
Support Sporcle.
Go Orange.
Score 0/12 Timer 02:00
2 Plays Today
% Correct
Car
89.6%
A Scottie Dog
83.2%
Top Hat
79.2%
Iron
66.1%
Thimble
64.9%
Shoe
64.5%
Battleship
60.7%
Horse and Rider
44.1%
Wheelbarrow
32.2%
Sack of Money
31%
Cannon
26.3%
Train
21.9%

From the Vault

Add a 'C'

by Shanamah

Here is hoping you have luck C-ing the answers.
Remove Ads.
Support Sporcle.
Get the best of Sporcle when you Go Orange. This ad-free experience offers more features, more stats, and more fun while also helping to support Sporcle. Thank you for becoming a member.

Show Comments

Extras

Top Quizzes Today


Score Distribution

Your Account Isn't Verified!

In order to create a playlist on Sporcle, you need to verify the email address you used during registration. Go to your Sporcle Settings to finish the process.

Report this User

Report this user for behavior that violates our Community Guidelines.

Details: